Ultragarsas. Uľtrazvuk 1971. 3

Guardado en:
Detalles Bibliográficos
Formato: Libro
Lenguaje:ruso
Publicado: Viľnus : Mintis, 1971
Materias:
Etiquetas: Agregar Etiqueta
Sin Etiquetas, Sea el primero en etiquetar este registro!

MARC

LEADER 00000nam a22000003a 4500
001 stu43763
005 20141122040515.7
008 941212s1971----xxr-----------------rus-d
040 |a STU  |b slo 
041 0 |a rus 
044 |a xxr 
080 |a 534.321.9  |7 stu_us_auth*stu6416 
245 |a Ultragarsas. Uľtrazvuk 1971. 3 
260 |a Viľnus :  |b Mintis,  |c 1971 
300 |a 157 s 
650 7 |a ultrazvuk  |2 stusub 
996 |b 284M003847  |c M*4189/3-1  |l MMKN  |s A  |a 24  |w stu43763_0001